书目信息 |
| 题名: |
每个人都要懂的保险
|
|
| 作者: | 罗春秋 编著 | |
| 分册: | ||
| 出版信息: | 北京 中国铁道出版社有限公司 2019.06 |
|
| 页数: | 292页 | |
| 开本: | 24cm | |
| 丛书名: | ||
| 单 册: | ||
| 中图分类: | F84 | |
| 科图分类: | ||
| 主题词: | 保险--bao xian--基本知识 | |
| 电子资源: | ||
| ISBN: | 978-7-113-25560-2 | |
| 000 | 00895nam0 2200253 450 | |
| 001 | CAL 0120192721911 | |
| 005 | 20230307155139.47 | |
| 010 | @a978-7-113-25560-2@dCNY55.00 | |
| 100 | @a20190326d2019 em y0chiy0120 ea | |
| 101 | 0 | @achi |
| 102 | @aCN@b110000 | |
| 105 | @aak z 000yy | |
| 106 | @ar | |
| 200 | 1 | @a每个人都要懂的保险@Amei ge ren dou yao dong de bao xian@f罗春秋编著 |
| 205 | @a第2版 | |
| 210 | @a北京@c中国铁道出版社有限公司@d2019.06 | |
| 215 | @a292页@c图@d24cm | |
| 300 | @a全新升级版 | |
| 330 | @a本书通过案例分析的方式, 对各类保险的特点、如何挑选购买、购买时从哪些方面着手以及如何为自己挑选一个可靠的保险代理人、最佳的保险投入比例以及在不同的人生阶段如何购买保险等内容进行了详细的分析与讲解。 | |
| 606 | 0 | @a保险@Abao xian@x基本知识 |
| 690 | @aF84@v5 | |
| 701 | 0 | @a罗春秋@Aluo chun qiu@4编著 |
| 801 | 0 | @aCN@bBJXHZP@c20230228 |
| 905 | @b1405460-3@dF84@e156=2@f4 | |
| 每个人都要懂的保险/罗春秋编著.-第2版.-北京:中国铁道出版社有限公司,2019.06 |
| 292页:图;24cm |
| 全新升级版 |
| ISBN 978-7-113-25560-2:CNY55.00 |
| 本书通过案例分析的方式, 对各类保险的特点、如何挑选购买、购买时从哪些方面着手以及如何为自己挑选一个可靠的保险代理人、最佳的保险投入比例以及在不同的人生阶段如何购买保险等内容进行了详细的分析与讲解。 |
| ● |
| 相关链接 |
|
|
|
|
正题名:每个人都要懂的保险
索取号:F84/156=2
 
预约/预借
| 序号 | 登录号 | 条形码 | 馆藏地/架位号 | 状态 | 备注 |
| 1 | 1405460 | 214054609 | 第一样本阅览室/ [索取号:F84/156=2] | 在馆 | |
| 2 | 1405461 | 214054618 | 第一借阅区/ [索取号:F84/156=2] | 在馆 | |
| 3 | 1405462 | 214054627 | 第一借阅区/ [索取号:F84/156=2] | 在馆 | |
| 4 | 1405463 | 214054636 | 第一借阅区/ [索取号:F84/156=2] | 在馆 |